header

My ladybug, (Record no. 263783)

MARC details
000 -LEADER
fixed length control field 00505nam a22001697a 4500
003 - CONTROL NUMBER IDENTIFIER
control field OSt
005 - DATE AND TIME OF LATEST TRANSACTION
control field 20240610150517.0
008 - FIXED-LENGTH DATA ELEMENTS--GENERAL INFORMATION
fixed length control field 240610b xxu||||| |||| 00| 0 eng d
010 ## - LIBRARY OF CONGRESS CONTROL NUMBER
LC control number 69015802
040 ## - CATALOGING SOURCE
Transcribing agency DLC
050 ## - LIBRARY OF CONGRESS CALL NUMBER
Classification number PZ10
Item number .W748
100 ## - MAIN ENTRY--PERSONAL NAME
Personal name Wong, Herbert H.
245 ## - TITLE STATEMENT
Title My ladybug,
Statement of responsibility, etc by Herbert H. Wong and Matthew F. Vessel. Illustrated by Marie Nonnast Bohlen.
260 ## - PUBLICATION, DISTRIBUTION, ETC. (IMPRINT)
Place of publication, distribution, etc [Reading, Mass.]
Name of publisher, distributor, etc Addison-Wesley
Date of publication, distribution, etc [1969]
300 ## - PHYSICAL DESCRIPTION
Extent 30 p.
Other physical details col. illus.
Dimensions 21 x 26 cm.
942 ## - ADDED ENTRY ELEMENTS (KOHA)
Source of classification or shelving scheme Library of Congress Classification
Koha item type Long Loan Books
Holdings
Withdrawn status Lost status Source of classification or shelving scheme Damaged status Not for loan Collection code Home library Current library Shelving location Date acquired Total Checkouts Full call number Barcode Date last seen Price effective from Koha item type
    Library of Congress Classification     Fiction Rongo University Library Rongo University Library Children's Area 10/06/2024   PZ10 .W748 CL/901/2021 10/06/2024 10/06/2024 Long Loan Books

© 2026 Rongo University
Contact us: librarian | system librarian | Rongo university